000 00187 a2200097 4500
020 _a9781596464926
041 _aspa
100 _aMazzeo, J.L.
245 _aEl libro M de Mia
942 _cBK
999 _c11863
_d11863